[Event "Titled Tue 27th May Early"]
[Site "chess.com INT"]
[Date "2025.05.27"]
[Round "7"]
[White "Ermolaev, Evgeny"]
[Black "Nikologorskiy, Konstantin"]
[Result "1-0"]
[WhiteTitle "FM"]
[BlackTitle "IM"]
[WhiteElo "2282"]
[BlackElo "2413"]
[WhiteFideId "24103195"]
[BlackFideId "24111708"]
[EventDate "2025.05.27"]

1. d4 Nf6 2. c4 e6 3. Nf3 b6 4. g3 Ba6 5. Nbd2 c5 6. e4 cxd4 7. e5 Ng4 8. h3 Nh6
9. Bg2 Nc6 10. O-O d6 11. Qa4 Qd7 12. Qxa6 Nb4 13. Qb5 Qxb5 14. cxb5 Nc2 15. Rb1
dxe5 16. Nxd4 Nxd4 17. Bxa8 Nhf5 18. Nf3 Ne2+ 19. Kg2 Bd6 20. Re1 Ned4 21. Nxe5
O-O 22. Bc6 f6 23. Nf3 Nc2 24. Rd1 Bc5 25. Be4 Nb4 26. Bxf5 exf5 27. a3 Nc2 28.
Rd2 1-0

[Event "Titled Tue 27th May Early"]
[Site "chess.com INT"]
[Date "2025.05.27"]
[Round "7"]
[White "Martinez Alcantara, Jose Eduardo"]
[Black "Ebrahimi Herab, Hamidreza"]
[Result "1-0"]
[WhiteTitle "GM"]
[BlackTitle "FM"]
[WhiteElo "2611"]
[BlackElo "2404"]
[WhiteFideId "3805662"]
[BlackFideId "22512888"]
[EventDate "2025.05.27"]

1. c4 Nf6 2. g3 g6 3. Bg2 d5 4. Nc3 d4 5. Ne4 Nxe4 6. Bxe4 Bg7 7. d3 O-O 8. Bg2
Nc6 9. Nf3 e5 10. O-O Bf5 11. b4 Nxb4 12. Qb3 Qe7 13. Rb1 a5 14. Bd2 e4 15. Nh4
exd3 16. Nxf5 gxf5 17. exd3 Qe2 18. Bxb4 axb4 19. Rb2 Qe7 20. Qxb4 c5 21. Qd2
Ra7 22. Rfb1 Rfa8 23. Rxb7 Rxa2 24. Rxe7 Rxd2 25. Bxa8 1-0

[Event "Titled Tue 27th May Early"]
[Site "chess.com INT"]
[Date "2025.05.27"]
[Round "7"]
[White "Thorhallsson, Simon"]
[Black "Janukshan, B"]
[Result "1-0"]
[WhiteTitle "FM"]
[BlackTitle "CM"]
[WhiteElo "2218"]
[BlackElo "1967"]
[WhiteFideId "2310090"]
[BlackFideId "29945399"]
[EventDate "2025.05.27"]

1. Nf3 d5 2. g3 c5 3. Bg2 Nf6 4. O-O g6 5. d4 Nc6 6. c4 dxc4 7. Qa4 Bd7 8. Qxc4
cxd4 9. Nxd4 Rc8 10. Rd1 Ne5 11. Qb3 b6 12. Bf4 Qc7 13. Nb5 Qc5 14. N1a3 Neg4
15. e3 Be6 16. Qa4 Bd7 17. h3 Ne5 18. b4 Qc3 19. Nxc3 1-0

[Event "Titled Tue 27th May Early"]
[Site "chess.com INT"]
[Date "2025.05.27"]
[Round "7"]
[White "Veiga, Jose Francisco R P Neves"]
[Black "Torres Rebolledo, Alvaro"]
[Result "0-1"]
[WhiteTitle "IM"]
[BlackTitle "FM"]
[WhiteElo "2389"]
[BlackElo "2336"]
[WhiteFideId "1930087"]
[BlackFideId "54587670"]
[EventDate "2025.05.27"]

1. e4 d6 2. Bc4 Nf6 3. d3 c6 4. f4 d5 5. exd5 cxd5 6. Bb3 Nc6 7. Nf3 Bg4 8. h3
Bxf3 9. Qxf3 e6 10. O-O h5 11. Nc3 Nd4 12. Qf2 Nf5 13. Ne2 Rc8 14. c3 h4 15.
Ba4+ Nd7 16. d4 a6 17. Re1 g6 18. Be3 b5 19. Bc2 Nf6 20. Qf3 Bd6 21. Nc1 O-O 22.
Nd3 b4 23. Nc5 Nxe3 24. Qxe3 Qc7 25. cxb4 a5 26. Qf2 axb4 27. Qxh4 Bxc5 28. Qxf6
Be7 29. Qe5 Qxc2 0-1

[Event "Titled Tue 27th May Early"]
[Site "chess.com INT"]
[Date "2025.05.27"]
[Round "7"]
[White "Skiadopoulos, Nikolaos"]
[Black "Dilmukhametov, Artur"]
[Result "0-1"]
[WhiteTitle "CM"]
[BlackTitle "FM"]
[WhiteElo "1882"]
[BlackElo "2276"]
[WhiteFideId "4200772"]
[BlackFideId "24179922"]
[EventDate "2025.05.27"]

1. e4 e6 2. d4 d5 3. e5 c5 4. c3 Nc6 5. Nf3 Qb6 6. a3 Nh6 7. b4 cxd4 8. Bxh6
gxh6 9. cxd4 Rg8 10. h3 Bd7 11. g4 Ne7 12. Qd3 Ng6 13. Nc3 a6 14. Qd2 Rc8 15.
Rc1 a5 16. b5 Bxa3 17. Rc2 Bb4 18. Qc1 Bxb5 19. Bxb5+ Qxb5 20. Nd2 Qd3 21. Ndb1
Nh4 22. Rd2 Bxc3 23. Nxc3 Nf3+ 0-1

[Event "Titled Tue 27th May Early"]
[Site "chess.com INT"]
[Date "2025.05.27"]
[Round "7"]
[White "Calvo Gonzalez, Jose Felix"]
[Black "Fragkos, Vasileios"]
[Result "1-0"]
[WhiteTitle "CM"]
[BlackTitle "CM"]
[WhiteElo "2168"]
[BlackElo "2176"]
[WhiteFideId "54505615"]
[BlackFideId "25832646"]
[EventDate "2025.05.27"]

1. d4 g6 2. e4 Bg7 3. Nc3 d6 4. Be3 a6 5. h4 h5 6. f3 Nd7 7. Bc4 b5 8. Bb3 e6 9.
Nh3 Qxh4+ 10. Kf1 Qe7 11. Qd2 Nb6 12. Re1 Bd7 13. Nd5 Nxd5 14. exd5 e5 15. dxe5
dxe5 16. Ng5 Nh6 17. Ne4 Nf5 18. Bc5 Nd6 19. Qb4 Bf8 20. f4 a5 21. Qc3 Nxe4 22.
Rxe4 Qxc5 23. Qxe5+ Kd8 24. Qxh8 a4 25. d6 axb3 26. Qxf8+ 1-0

[Event "Titled Tue 27th May Early"]
[Site "chess.com INT"]
[Date "2025.05.27"]
[Round "7"]
[White "Khamdamova, Afruza"]
[Black "Zaw, Ye Htut"]
[Result "1-0"]
[WhiteTitle "WIM"]
[BlackTitle "CM"]
[WhiteElo "2344"]
[BlackElo "2180"]
[WhiteFideId "14210444"]
[BlackFideId "13013955"]
[EventDate "2025.05.27"]

1. e4 d5 2. exd5 Qxd5 3. Nc3 Qa5 4. d4 Nf6 5. Nf3 Nc6 6. d5 Nb4 7. Bc4 Bg4 8.
O-O O-O-O 9. Bd2 Qc5 10. Bb3 Nbxd5 11. Nxd5 Nxd5 12. Qe2 e6 13. c4 Bxf3 14. Qxf3
Nf6 15. Be3 Qc6 16. Qxc6 bxc6 17. Ba4 Kb7 18. Rac1 Bb4 19. a3 Bd2 20. Rc2 Bxe3
21. fxe3 Rd3 22. e4 Re3 23. e5 Rxe5 24. Rc3 c5 25. Rg3 Ne4 26. Rb3+ Kc8 27. Rxf7
Nd2 28. Bd7+ 1-0

[Event "Titled Tue 27th May Early"]
[Site "chess.com INT"]
[Date "2025.05.27"]
[Round "7"]
[White "Ivannikov, Maksim"]
[Black "Zhauynbay, Alimzhan"]
[Result "1-0"]
[WhiteTitle "CM"]
[BlackTitle "CM"]
[WhiteElo "2184"]
[BlackElo "2077"]
[WhiteFideId "34275339"]
[BlackFideId "13782657"]
[EventDate "2025.05.27"]

1. e4 c5 2. Nf3 d6 3. d4 cxd4 4. Nxd4 Nf6 5. Nc3 a6 6. f3 Qb6 7. g4 Nc6 8. Nb3
Qc7 9. g5 Nd7 10. Nd5 Qd8 11. Bf4 e6 12. Nc3 Nde5 13. Qe2 Be7 14. h4 Bd7 15.
O-O-O b5 16. Nd5 exd5 17. exd5 Nb4 18. Bxe5 dxe5 19. d6 Bxd6 20. Rxd6 O-O 21.
Qd2 Nxa2+ 22. Kb1 Nc3+ 23. bxc3 Ra7 24. Bh3 f5 25. gxf6 Rf7 26. Rd1 Rxf6 27.
Qd5+ Kh8 28. Rxd7 Rxd7 29. Qxd7 Qf8 30. Qc7 Qa3 31. Rd8+ Rf8 32. Qc8 1-0

[Event "Titled Tue 27th May Early"]
[Site "chess.com INT"]
[Date "2025.05.27"]
[Round "7"]
[White "Butti, Enrique"]
[Black "Mayorau, Mikita1"]
[Result "1-0"]
[WhiteTitle "CM"]
[BlackTitle "GM"]
[WhiteElo "1998"]
[BlackElo "2472"]
[WhiteFideId "3700470"]
[BlackFideId "13501720"]
[EventDate "2025.05.27"]

1. d4 Nf6 2. Nf3 c5 3. e3 d5 4. c3 Nc6 5. Nbd2 Bg4 6. Bb5 e6 7. Bxc6+ bxc6 8.
Qa4 Bxf3 9. Qxc6+ Nd7 10. Nxf3 Rc8 11. Qa4 cxd4 12. exd4 Bd6 13. O-O O-O 14. Re1
Qe7 15. Qc2 f6 16. Qe2 e5 17. dxe5 fxe5 18. Qd1 Qf7 19. Be3 Bc5 20. Ng5 Qe7 21.
Qxd5+ Kh8 22. Ne4 Bxe3 23. Rxe3 Nb6 24. Qd3 Nc4 25. Rh3 Nxb2 26. Qc2 Nc4 27. Ng5
g6 28. Rxh7+ Qxh7 29. Nxh7 Kxh7 30. Rb1 Rcd8 31. Qe4 Rf4 32. Qb7+ Kh6 33. g3 Rf5
34. Qe7 Rd2 35. Qh4+ Rh5 36. Qxc4 Rf5 37. Qe4 Rfxf2 38. Qe3+ Kh5 39. Qxf2 Rxf2 1-0

[Event "Titled Tue 27th May Early"]
[Site "chess.com INT"]
[Date "2025.05.27"]
[Round "7"]
[White "Luong Phuong Hanh"]
[Black "Jakubowski, Krzysztof"]
[Result "0-1"]
[WhiteTitle "WIM"]
[BlackTitle "GM"]
[WhiteElo "2144"]
[BlackElo "2448"]
[WhiteFideId "12401013"]
[BlackFideId "1112848"]
[EventDate "2025.05.27"]

1. d4 Nf6 2. Nf3 b6 3. e3 Bb7 4. Bd3 e6 5. O-O d5 6. c4 Bd6 7. b3 O-O 8. Bb2
Nbd7 9. Nbd2 Ne4 10. Rc1 Qe7 11. Ne5 Nxe5 12. dxe5 Bb4 13. Nxe4 dxe4 14. Bc2
Rad8 15. Qg4 Rd2 16. Bd4 Ba3 17. Bxe4 Bxe4 18. Qxe4 Bxc1 19. Rxc1 c5 20. Bc3
Rxa2 21. h4 Rd8 22. Qb1 Ra6 23. h5 h6 24. Qe4 Qd7 25. Kh2 Ra2 26. Qf3 Qd3 27.
Qb7 Rxf2 0-1

[Event "Titled Tue 27th May Early"]
[Site "chess.com INT"]
[Date "2025.05.27"]
[Round "7"]
[White "Rossi, Maximiliano"]
[Black "Arya G Mallar"]
[Result "1-0"]
[BlackTitle "WCM"]
[WhiteElo "2013"]
[BlackElo "2014"]
[WhiteFideId "113425"]
[BlackFideId "25115324"]
[EventDate "2025.05.27"]

1. e4 c5 2. Nf3 d6 3. d4 cxd4 4. Nxd4 Nf6 5. f3 g6 6. c4 Bg7 7. Nc3 Nc6 8. Be3
O-O 9. Qd2 Nxd4 10. Bxd4 Be6 11. Be2 Rc8 12. b3 a6 13. O-O Nh5 14. Be3 f5 15.
exf5 gxf5 16. f4 Qe8 17. Rac1 Qg6 18. Bf3 Kh8 19. Bxb7 Rb8 20. Bd5 Bxd5 21. Nxd5
Rb7 22. c5 Rg8 23. c6 Rb5 24. Nxe7 Qf7 25. Nxg8 Qxg8 26. c7 Qc8 27. Qxd6 Bf6 28.
Rfd1 Rb7 29. Qxf6+ Nxf6 30. Rd8+ Qxd8 31. cxd8=Q+ Kg7 32. Bd4 Rf7 33. Qxf6+ Rxf6
34. Rc6 Kf7 35. Bxf6 a5 36. Be5 a4 37. b4 h5 38. Ra6 a3 39. Rxa3 h4 40. Rh3 Ke6
41. Rxh4 Kd5 42. a4 Ke4 43. b5 Kd3 44. b6 Ke4 45. b7 Kd3 46. b8=Q Ke2 47. Qb5+
Ke3 48. Rh3+ Ke4 49. Qc4# 1-0

[Event "Titled Tue 27th May Early"]
[Site "chess.com INT"]
[Date "2025.05.27"]
[Round "7"]
[White "Szpar, Milosz"]
[Black "Cuellar Montes, Alejandro"]
[Result "1-0"]
[WhiteTitle "IM"]
[BlackTitle "CM"]
[WhiteElo "2475"]
[BlackElo "2173"]
[WhiteFideId "1184989"]
[BlackFideId "32096836"]
[EventDate "2025.05.27"]

1. e4 e5 2. Nf3 Nc6 3. Bb5 a6 4. Ba4 Nf6 5. O-O Be7 6. d3 d6 7. c3 O-O 8. h3 h6
9. Re1 b5 10. Bc2 Bb7 11. Nbd2 Qd7 12. Nf1 Rfe8 13. Ng3 Bf8 14. Nh4 Nh7 15. Nhf5
Ne7 16. Qg4 Nxf5 17. Nxf5 Kh8 18. Nxh6 Qxg4 19. Nxg4 g6 20. Bb3 f5 21. Ne3 fxe4
22. Nd5 c6 23. Nc7 exd3 24. Nxa8 Bxa8 25. Be3 c5 26. c4 bxc4 27. Bxc4 e4 28.
Bxa6 d5 29. Bxd3 d4 30. Bf4 Nf6 31. Bc4 Bg7 32. Rad1 Nd5 33. Bd6 Nb4 34. Bxc5
Nc2 35. Re2 d3 36. Bxd3 1-0

[Event "Titled Tue 27th May Early"]
[Site "chess.com INT"]
[Date "2025.05.27"]
[Round "7"]
[White "Emeliantsev, Anatoliy"]
[Black "Aghaei, Alireza"]
[Result "1-0"]
[WhiteTitle "FM"]
[BlackTitle "CM"]
[WhiteElo "2359"]
[BlackElo "2204"]
[WhiteFideId "4160681"]
[BlackFideId "12509914"]
[EventDate "2025.05.27"]

1. d4 Nf6 2. c4 e6 3. Nc3 Bb4 4. a3 Bxc3+ 5. bxc3 d5 6. cxd5 exd5 7. e3 O-O 8.
Bd3 c5 9. f3 b6 10. Ne2 Ba6 11. O-O Bxd3 12. Qxd3 Re8 13. Ng3 h5 14. e4 h4 15.
Nf5 dxe4 16. fxe4 Nxe4 17. Qf3 Nd7 18. Nxg7 f6 19. Nxe8 Qxe8 20. Re1 f5 21. Qxf5
Ndf6 22. Bg5 Qc6 23. Bxf6 Nxf6 24. Re6 1-0

[Event "Titled Tue 27th May Early"]
[Site "chess.com INT"]
[Date "2025.05.27"]
[Round "7"]
[White "Redor, Menandro"]
[Black "Nouali, Mohamed"]
[Result "0-1"]
[BlackTitle "FM"]
[WhiteElo "2021"]
[BlackElo "2157"]
[WhiteFideId "5222010"]
[BlackFideId "5502462"]
[EventDate "2025.05.27"]

1. d4 d5 2. Bf4 c5 3. c3 Nc6 4. e3 f6 5. Nd2 e5 6. dxe5 fxe5 7. Bg3 Nf6 8. Ngf3
e4 9. Ne5 Bd6 10. Nxc6 bxc6 11. Be2 O-O 12. O-O Rb8 13. Rb1 Bf5 14. Qa4 Bxg3 15.
hxg3 Qd6 16. Nb3 Bg4 17. Ba6 Bd7 18. Be2 Bg4 19. Nc1 Bxe2 20. Nxe2 Ng4 21. Nf4
g5 22. Nh3 h6 23. Rbd1 Rfd8 24. Qc2 Ne5 25. c4 Nxc4 26. b3 Ne5 27. f4 Nd3 28.
Rxd3 exd3 29. Qxd3 g4 30. Nf2 h5 31. Rd1 Qf6 0-1

[Event "Titled Tue 27th May Early"]
[Site "chess.com INT"]
[Date "2025.05.27"]
[Round "7"]
[White "Marynychenko, Yehor"]
[Black "Gubatayev, Ahmet"]
[Result "0-1"]
[WhiteTitle "CM"]
[BlackTitle "CM"]
[WhiteElo "2183"]
[BlackElo "2191"]
[WhiteFideId "34160558"]
[BlackFideId "14004526"]
[EventDate "2025.05.27"]

1. e4 c5 2. c3 d5 3. exd5 Qxd5 4. d4 Nf6 5. Nf3 e6 6. Be2 Be7 7. O-O O-O 8. Bg5
Nc6 9. c4 Qd8 10. dxc5 Qxd1 11. Rxd1 Bxc5 12. Bxf6 gxf6 13. Nc3 e5 14. Nd5 Kg7
15. a3 a5 16. Nd2 Bf5 17. g4 Nd4 18. gxf5 Nxe2+ 19. Kf1 Nd4 20. Ne4 Rac8 21.
Ndxf6 Rfd8 22. Nh5+ Kh8 23. Nxc5 Rxc5 24. Rac1 Rcc8 25. Rd3 Nxf5 26. Rcd1 Rxd3
27. Rxd3 Nd4 28. f4 Rxc4 29. fxe5 Nc6 30. Rd7 Rh4 31. Nf6 Nxe5 32. Rxb7 Rf4+ 0-1

[Event "Titled Tue 27th May Early"]
[Site "chess.com INT"]
[Date "2025.05.27"]
[Round "7"]
[White "Chiu, Isaac"]
[Black "Bortnyk, Olexandr"]
[Result "0-1"]
[BlackTitle "GM"]
[WhiteElo "2226"]
[BlackElo "2601"]
[WhiteFideId "30900654"]
[BlackFideId "14120828"]
[EventDate "2025.05.27"]

1. d4 Nf6 2. Nf3 b6 3. Bg5 Bb7 4. Nbd2 g6 5. Bxf6 exf6 6. e4 h5 7. Bd3 Bh6 8.
O-O O-O 9. c3 d5 10. exd5 Bxd5 11. Be4 Nc6 12. Re1 Re8 13. Bxd5 Qxd5 14. Qb3 Qd7
15. Ne4 Kg7 16. Rad1 Re7 17. Ng3 Rae8 18. Rxe7 Rxe7 19. Qb5 Ne5 20. Qe2 Nxf3+
21. Qxf3 Qa4 22. Qd3 Qxa2 23. Qc2 a5 24. c4 a4 25. Qc3 h4 26. Nf1 Re2 27. c5
Qxb2 28. Qf3 a3 29. Ra1 Qxa1 30. Qxe2 a2 31. cxb6 cxb6 32. Qxa2 Qxa2 0-1

[Event "Titled Tue 27th May Early"]
[Site "chess.com INT"]
[Date "2025.05.27"]
[Round "7"]
[White "Protopopescu, Luca"]
[Black "Gubajdullin, Alexei"]
[Result "0-1"]
[WhiteTitle "CM"]
[BlackTitle "FM"]
[WhiteElo "2216"]
[BlackElo "2227"]
[WhiteFideId "651088894"]
[BlackFideId "4141202"]
[EventDate "2025.05.27"]

1. Nf3 Nf6 2. e3 g6 3. b3 Bg7 4. Bb2 O-O 5. Be2 d6 6. O-O Nbd7 7. c4 e5 8. d4 e4
9. Nfd2 Re8 10. Nc3 Nf8 11. b4 h5 12. c5 d5 13. a4 h4 14. b5 h3 15. g3 N8h7 16.
a5 Ng5 17. c6 bxc6 18. bxc6 Bf5 19. Ba3 Re6 20. Bb5 a6 21. Ba4 Bg4 22. Qc2 Nf3+
23. Nxf3 Bxf3 24. Rab1 Bh6 25. Rb7 Ng4 26. Qd2 Rf6 27. Rc1 Bg2 28. Rxc7 Rxf2 29.
Qxf2 Nxf2 30. Rd7 Qg5 31. Nxd5 Nd3 32. Rf1 Qxe3+ 33. Nxe3 Bxe3+ 34. Rf2 Bxf2# 0-1

[Event "Titled Tue 27th May Early"]
[Site "chess.com INT"]
[Date "2025.05.27"]
[Round "7"]
[White "Zhou, Yuxu"]
[Black "Dyulgerov, Volen"]
[Result "0-1"]
[WhiteTitle "CM"]
[BlackTitle "CM"]
[WhiteElo "2087"]
[BlackElo "2200"]
[WhiteFideId "8626421"]
[BlackFideId "2918978"]
[EventDate "2025.05.27"]

1. d4 e5 2. dxe5 d6 3. Nf3 Nc6 4. Bg5 f6 5. exf6 Nxf6 6. e3 Be7 7. Be2 O-O 8.
O-O Qe8 9. Nc3 Qg6 10. Nd5 Nxd5 11. Qxd5+ Be6 12. Qb5 a6 13. Qxb7 Bd5 14. Bxe7
Nxe7 15. Qxc7 Rxf3 16. Bxf3 Bxf3 17. g3 Qg4 18. Qxd6 Qh3 19. Qe6+ Qxe6 0-1

[Event "Titled Tue 27th May Early"]
[Site "chess.com INT"]
[Date "2025.05.27"]
[Round "7"]
[White "Amangeldy, Ernur"]
[Black "Toncheva, Nadya"]
[Result "1-0"]
[WhiteTitle "FM"]
[BlackTitle "FM"]
[WhiteElo "2231"]
[BlackElo "2332"]
[WhiteFideId "13720244"]
[BlackFideId "2924056"]
[EventDate "2025.05.27"]

1. d4 Nf6 2. Nc3 d5 3. Bf4 c5 4. e4 dxe4 5. dxc5 Nbd7 6. Bb5 a6 7. c6 axb5 8. c7
b4 9. cxd8=Q+ Kxd8 10. Nd5 e6 11. Nxf6 gxf6 12. Ne2 e5 13. Bg3 Ra6 14. O-O Bc5
15. Qd5 e3 16. fxe3 Ke7 17. Kh1 h5 18. Bh4 Rd6 19. Qe4 b5 20. Nd4 Bxd4 21. exd4
Rxd4 22. Bxf6+ Ke6 23. Qf5+ Kd6 24. Bxe5+ Nxe5 25. Qf6+ Be6 26. Rad1 Rd5 27.
Rxd5+ Kxd5 28. Rd1+ Kc6 29. Qxe5 Rc8 30. Rd6+ Kb7 31. Qxb5+ Kc7 32. Ra6 Rd8 33.
Rc6+ Kd7 34. Qc5 Ke8 35. Rd6 Rc8 36. Qd4 Ke7 37. Rxe6+ fxe6 38. Qxb4+ Kf6 39. c3
Rd8 40. Qh4+ Kf5 41. Qxd8 e5 42. Kg1 Kf4 43. Kf2 e4 44. Qf6+ Kg4 45. h3# 1-0

[Event "Titled Tue 27th May Early"]
[Site "chess.com INT"]
[Date "2025.05.27"]
[Round "7"]
[White "Le, Quang Liem"]
[Black "Harsh, Suresh"]
[Result "1-0"]
[WhiteTitle "GM"]
[BlackTitle "IM"]
[WhiteElo "2729"]
[BlackElo "2392"]
[WhiteFideId "12401137"]
[BlackFideId "45018464"]
[EventDate "2025.05.27"]

1. Nf3 Nf6 2. c4 b6 3. g3 Bb7 4. Bg2 g6 5. Nc3 Bg7 6. d4 O-O 7. d5 e6 8. O-O
exd5 9. cxd5 Re8 10. Nd4 c6 11. Bf4 Nh5 12. Be3 Nf6 13. Rc1 Nxd5 14. Nxd5 cxd5
15. Nb5 Bc6 16. Bxd5 Bxb2 17. Nd6 Rf8 18. Nxf7 Rxf7 19. Bxf7+ Kxf7 20. Qb3+ Kg7
21. Qxb2+ Kg8 22. Rfd1 Qe7 23. Qd4 Na6 24. Qc4+ Kg7 25. Qxa6 Qe4 26. Rxc6 dxc6
27. Qb7+ 1-0

[Event "Titled Tue 27th May Early"]
[Site "chess.com INT"]
[Date "2025.05.27"]
[Round "7"]
[White "Martin Fuentes, Alberto"]
[Black "Buscar, Michael"]
[Result "1-0"]
[WhiteTitle "FM"]
[WhiteElo "2376"]
[BlackElo "2016"]
[WhiteFideId "2292289"]
[BlackFideId "2603616"]
[EventDate "2025.05.27"]

1. e4 c5 2. Nc3 Nc6 3. g3 Nf6 4. Bg2 e5 5. d3 d6 6. f4 Bg4 7. Nf3 Nd4 8. O-O Be7
9. Be3 Nxf3+ 10. Bxf3 Bxf3 11. Qxf3 Qd7 12. fxe5 dxe5 13. Bg5 O-O 14. Bxf6 Bxf6
15. Nd5 Bg5 16. Kg2 Rac8 17. c4 a6 18. Nb6 Qd4 19. Nxc8 Qxb2+ 20. Qf2 Qxf2+ 21.
Rxf2 Rxc8 22. Rb1 Rc7 23. Rfb2 b5 24. cxb5 axb5 25. Rxb5 h5 26. R1b2 Be3 27. a4
c4 28. Rc2 c3 29. Rxe5 Bd2 30. Rxh5 Ra7 31. a5 g5 32. Rh6 Rxa5 33. Rc6 Ra3 34.
Kf3 Rb3 35. Kg4 Kg7 36. Ra2 Be3 37. Rc7 Kg6 38. Kf3 Bd4 39. Rc4 Rb2 40. Rxb2
cxb2 41. Rb4 f6 42. Kg4 Bc3 43. Rb3 Bd4 44. h4 gxh4 45. gxh4 Bc3 46. Rb5 Bd4 47.
Kf4 Be5+ 48. Ke3 Kh5 49. d4 Kxh4 50. dxe5 1-0

[Event "Titled Tue 27th May Early"]
[Site "chess.com INT"]
[Date "2025.05.27"]
[Round "7"]
[White "Zdorov, Egor Vit"]
[Black "Gelman, Alexander"]
[Result "1-0"]
[WhiteTitle "CM"]
[BlackTitle "IM"]
[WhiteElo "2100"]
[BlackElo "2403"]
[WhiteFideId "55688560"]
[BlackFideId "4118316"]
[EventDate "2025.05.27"]

1. d4 Nf6 2. c4 c5 3. d5 b5 4. cxb5 a6 5. e3 e6 6. dxe6 fxe6 7. Nc3 Bb7 8. Nf3
Be7 9. Be2 O-O 10. O-O axb5 11. Nxb5 d5 12. b3 Ne4 13. Bb2 Nd7 14. a4 Bf6 15.
Qc2 Qe7 16. Nd2 Ng5 17. f4 Nf7 18. Bd3 h6 19. Rae1 e5 20. fxe5 Nfxe5 21. Bf5 Nb6
22. Ba3 Ned7 23. Bb2 Bxb2 24. Qxb2 Ne5 25. Qc2 Kh8 26. h3 c4 27. Nd4 cxb3 28.
Qxb3 Nbc4 29. Nxc4 dxc4 30. Qc2 Qg5 31. Ne6 Qg4 32. hxg4 1-0

[Event "Titled Tue 27th May Early"]
[Site "chess.com INT"]
[Date "2025.05.27"]
[Round "7"]
[White "Kochavi, Dana"]
[Black "Birkisson, Bjorn Holm"]
[Result "1-0"]
[WhiteTitle "FM"]
[BlackTitle "CM"]
[WhiteElo "2226"]
[BlackElo "2123"]
[WhiteFideId "2837137"]
[BlackFideId "2310600"]
[EventDate "2025.05.27"]

1. e4 c5 2. Nf3 Nc6 3. Bb5 Nf6 4. d4 Qa5+ 5. Nc3 Nxe4 6. Bd3 Nxc3 7. bxc3 cxd4
8. O-O dxc3 9. Bf4 g6 10. Re1 Bg7 11. Rb1 O-O 12. Rb5 Qxa2 13. h4 d5 14. Ng5 e5
15. Bc1 e4 16. Bf1 Nd4 17. Be3 Nxb5 18. Bxb5 h5 19. Bd4 Qa3 20. Bxg7 Kxg7 21.
Qxd5 Be6 22. Qe5+ Kg8 23. Nxe4 f5 24. Qxe6+ Kg7 25. Qe5+ Kh7 26. Ng5+ Kh6 27.
Qc7 Rh8 28. Nf7+ Kg7 29. Nxh8+ Kxh8 30. Re7 1-0

[Event "Titled Tue 27th May Early"]
[Site "chess.com INT"]
[Date "2025.05.27"]
[Round "7"]
[White "Slovineanu, Viacheslav"]
[Black "Azizoglu, Ferzan"]
[Result "1-0"]
[WhiteTitle "IM"]
[WhiteElo "2412"]
[BlackElo "2055"]
[WhiteFideId "13900510"]
[BlackFideId "6302726"]
[EventDate "2025.05.27"]

1. d4 d5 2. Nf3 Nf6 3. c4 e6 4. e3 dxc4 5. Bxc4 a6 6. O-O b5 7. Bd3 Bb7 8. a4 b4
9. Nbd2 Nbd7 10. e4 c5 11. e5 Nd5 12. Nc4 Be7 13. Nfd2 cxd4 14. Ne4 O-O 15. Qg4
g6 16. Bh6 Nc5 17. Nxc5 Bxc5 18. Bxf8 Qxf8 19. Rac1 Rd8 20. Rfd1 h5 21. Qf3 Qe7
22. Be4 Kg7 23. Na5 Ba8 24. Nb3 Ba7 25. Nxd4 Qg5 26. Nc6 Bxc6 27. Rxc6 Qxe5 28.
Rxa6 Bb8 29. g3 Qxb2 30. Bxd5 exd5 31. Rxd5 Qc1+ 32. Kg2 Rxd5 33. Qxd5 b3 34.
Qxb3 1-0

[Event "Titled Tue 27th May Early"]
[Site "chess.com INT"]
[Date "2025.05.27"]
[Round "7"]
[White "Tiitta, Sauli"]
[Black "Safin Safarullakhan"]
[Result "1-0"]
[BlackTitle "CM"]
[WhiteElo "2157"]
[BlackElo "2109"]
[WhiteFideId "502251"]
[BlackFideId "33379475"]
[EventDate "2025.05.27"]

1. g4 d5 2. h3 e5 3. c4 c6 4. d4 e4 5. Nc3 Be6 6. Qb3 Qd7 7. e3 g6 8. Bd2 h5 9.
g5 Ne7 10. h4 Nf5 11. cxd5 cxd5 12. Nge2 Nc6 13. Nf4 Nfxd4 14. exd4 Nxd4 15. Bb5
Nxb5 16. Qxb5 Qxb5 17. Nxb5 Kd7 18. Nd4 Bd6 19. Ndxe6 fxe6 20. Nxg6 Rhg8 21. Nf4
d4 22. Nxh5 Rh8 23. Nf6+ Kc6 24. Nxe4 Kd5 25. Nf6+ Ke5 26. O-O-O Rac8+ 27. Kb1
Kf5 28. Rde1 e5 29. Ne4 Be7 30. h5 Rc7 31. g6 Rhc8 32. a3 Rc2 33. g7 1-0

[Event "Titled Tue 27th May Early"]
[Site "chess.com INT"]
[Date "2025.05.27"]
[Round "7"]
[White "Baladjaev, Gara"]
[Black "Bonaveri, Agustin"]
[Result "0-1"]
[WhiteTitle "FM"]
[BlackTitle "FM"]
[WhiteElo "2404"]
[BlackElo "2367"]
[WhiteFideId "13401785"]
[BlackFideId "104027"]
[EventDate "2025.05.27"]

1. d4 e6 2. c4 f5 3. Nf3 Nf6 4. g3 d5 5. Bg2 c6 6. O-O Bd6 7. Nc3 O-O 8. Bf4
Bxf4 9. gxf4 Kh8 10. Rc1 Bd7 11. Ne5 Be8 12. Kh1 Rg8 13. Rg1 Nbd7 14. Bf3 Nxe5
15. fxe5 Ne4 16. Bxe4 fxe4 17. e3 Qe7 18. Qg4 Bg6 19. Rg2 Raf8 20. Rcg1 Bf5 21.
Qh5 Qf7 22. Qh4 Bg6 23. c5 Bh5 24. h3 Bf3 25. Kh2 Bxg2 26. Rxg2 g5 27. Qg3 Qh5
28. Rg1 Rf3 29. Qg2 g4 0-1